[Event "HUN-ch"]
[Site "Budapest"]
[Date "1971.??.??"]
[Round "9"]
[White "Bilek, Istvan"]
[Black "Dely, Peter"]
[Result "1/2-1/2"]
[WhiteElo "2490"]
[BlackElo "2480"]

1.c4 c6 2.Nf3 d5 3.b3 Nf6 4.Bb2 Bg4 5.d3 Nbd7 6.Nbd2 e6 7.g3 Bd6 8.Bg2 O-O
9.O-O Qe7 10.Qc2 Ba3 11.Bxa3 Qxa3 12.Qc1 Qxc1 13.Rfxc1 Bxf3 14.Bxf3 a5 15.Rab1 Ra7
16.Kf1 Rd8 17.Bg2 Kf8 18.Ke1 Ke7 19.Rc2 Rc8 20.e3 Rd8  1/2-1/2

[Event "Gothenburg"]
[Site "Gothenburg"]
[Date "1971.??.??"]
[Round "3"]
[White "Bilek, Istvan"]
[Black "Pomar Salamanca, Arturo"]
[Result "1/2-1/2"]
[WhiteElo "2490"]
[BlackElo "2510"]

1.c4 c6 2.Nf3 d5 3.b3 Nf6 4.Bb2 Bg4 5.d3 Nbd7 6.Nbd2 e6 7.g3 Bxf3 8.Nxf3 Qa5+
9.Nd2 Ba3 10.Bxa3 Qxa3 11.Bg2 a5 12.O-O a4 13.Qc1 Qxc1 14.Rfxc1 axb3 15.axb3 Ke7
16.b4 Nb6 17.c5 Rxa1 18.Rxa1 Ra8 19.Ra5 Rxa5 20.bxa5 Nbd7 21.d4 e5 22.e3 exd4
23.exd4 Nf8 24.f3 Ne6 25.Nb3 Ne8 26.Kf2 f5 27.Bf1 N8c7 28.Ke3 g5 29.f4 gxf4+
30.gxf4 Nb5 31.Bd3 Kf6 32.Bxb5 cxb5 33.Nc1 Nc7 34.Na2 Ke6 35.Kd3 Kd7 36.Nb4 Ke6
37.Kc3 Kd7 38.Kd3 Kc8 39.Kd2 Ne6 40.Ke3 Nc7  1/2-1/2

[Event "Gothenburg"]
[Site "Gothenburg"]
[Date "1971.??.??"]
[Round "7"]
[White "Szabo, Laszlo"]
[Black "Pomar Salamanca, Arturo"]
[Result "1/2-1/2"]
[WhiteElo "2525"]
[BlackElo "2510"]

1.c4 c6 2.g3 d5 3.Bg2 Nf6 4.Nf3 Bg4 5.cxd5 cxd5 6.Qb3 Bxf3 7.Bxf3 Qd7 8.Nc3 e6
9.d3 Nc6 10.Bg2 d4 11.Nb1 Be7 12.Bd2 O-O 13.Na3 Nd5 14.O-O Rfc8 15.Rfc1 Rab8
16.Rc2 b5 17.Rac1 a6 18.Nb1 Ndb4 19.Bxc6 Nxc6 20.a4 b4 21.Rc4 Na5 22.Rxc8+ Rxc8
23.Rxc8+ Qxc8 24.Qd1 Qc6 25.Be1 h6 26.f4 e5 27.fxe5 Bg5 28.Bd2 Qc5 29.Bxg5 hxg5
30.Nd2 Qxe5 31.Qc2 Qxe2 32.Qc8+ Kh7  1/2-1/2

[Event "CSR-ch"]
[Site "Luhacovice"]
[Date "1971.??.??"]
[Round "10"]
[White "Szabo, Laszlo"]
[Black "Kostro, Jerzy"]
[Result "1-0"]
[WhiteElo "2525"]
[BlackElo "2385"]

1.c4 c6 2.e4 d5 3.exd5 cxd5 4.d4 Nf6 5.Nc3 g6 6.cxd5 Bg7 7.Bc4 O-O 8.Nge2 Nbd7
9.Bb3 Nb6 10.Nf4 Bf5 11.O-O Qd7 12.Re1 a5 13.a4 Rfd8 14.h3 h5 15.Qe2 Kf8
16.Bd2 Ne8 17.Nd3 Bxd4 18.Ne5 Qd6 19.Nxf7 Kxf7 20.Nb5 Qf6 21.Nxd4 Qxd4 22.Qxe7+ Kg8
23.Bc3 Qf4 24.d6+ Nc4 25.g3  1-0

[Event "Hoogovens-B"]
[Site "Wijk aan Zee"]
[Date "1971.??.??"]
[Round "?"]
[White "Timman, Jan H"]
[Black "Krabbe, Tim"]
[Result "1-0"]
[WhiteElo "2410"]
[BlackElo "2300"]

1.c4 c6 2.e4 d5 3.exd5 cxd5 4.d4 Nf6 5.Nc3 Nc6 6.Nf3 e6 7.Bg5 Be7 8.c5 Ne4
9.Bxe7 Qxe7 10.Qc2 Ng5 11.Nxg5 Qxg5 12.Rd1 O-O 13.Qd2 Qe7 14.Bb5 Bd7 15.O-O b6
16.Bxc6 Bxc6 17.b4 bxc5 18.dxc5 Rab8 19.Rb1 Qd7 20.Rfd1 Rb7 21.Qd4 f6 22.f4 Rfb8
23.Re1 a5 24.a3 axb4 25.axb4 Kf7 26.Re3 g6 27.Rh3 Kg8 28.Re3 Kf7 29.g4 g5
30.Rh3 Rh8 31.Rf1 Qe7 32.fxg5 e5 33.Qd3 e4 34.Rxf6+ Kg7 35.Rxc6 exd3 36.Rxh7+  1-0

[Event "Las Palmas"]
[Site "Las Palmas"]
[Date "1972.??.??"]
[Round "1"]
[White "Tatai, Stefano"]
[Black "Pomar Salamanca, Arturo"]
[Result "1/2-1/2"]
[WhiteElo "2460"]
[BlackElo "2460"]

1.c4 c6 2.d4 d5 3.Nf3 Nf6 4.Nc3 e6 5.Bg5 h6 6.Bxf6 Qxf6 7.Qb3 a5 8.cxd5 exd5
9.e3 Na6 10.Rc1 Qd8 11.Bd3 Bd6 12.O-O O-O 13.Bb1 Re8 14.Rfe1 Bg4 15.Nd2 Qh4
16.Nf1 Qf6 17.f3 Be6 18.Rcd1 Rad8 19.a3  1/2-1/2

[Event "URS-chT Moscow"]
[Site "Moscow"]
[Date "1972.??.??"]
[Round "?"]
[White "Alieva, Elvira"]
[Black "Chelokhsaeva"]
[Result "1-0"]
[WhiteElo "2000"]
[BlackElo "2000"]

1.c4 c6 2.Nc3 d5 3.d4 dxc4 4.e3 Be6 5.Nf3 g6 6.Ne5 Nd7 7.Nxc4 Bg7 8.Nd2 Nb6
9.Nde4 Nf6 10.Nc5 Qc8 11.Be2 O-O 12.O-O Nbd5 13.e4 Nxc3 14.bxc3 b6 15.Ba6 Qc7
16.Nxe6 fxe6 17.e5 Nd5 18.Qb3 b5 19.c4 bxc4 20.Bxc4 Rab8 21.Qh3 Qd7 22.Ba3 Rf5
23.Rab1 Rbf8 24.Qb3 Qe8 25.Bxd5 cxd5 26.Qb7 Qa4 27.Qxe7 Re8 28.Qb4 Qc2 29.Qb5 Rc8
30.Rbc1  1-0

[Event "URS-chT Moscow"]
[Site "Moscow"]
[Date "1972.??.??"]
[Round "?"]
[White "Petrosian, Tigran V"]
[Black "Savon, Vladimir A"]
[Result "1-0"]
[WhiteElo "2645"]
[BlackElo "2595"]

1.c4 c6 2.Nf3 d5 3.e3 Nf6 4.Nc3 g6 5.Be2 Bg7 6.O-O O-O 7.d4 Be6 8.b3 h6 9.a4 Ne4
10.Bb2 Nd7 11.a5 a6 12.Qc2 f5 13.Bd3 Bf7 14.Ne2 Rc8 15.Rfd1 Ng5 16.Ne5 Nxe5
17.dxe5 Qc7 18.f4 Ne4 19.Ba3 Rfd8 20.Bxe4 dxe4 21.Bc5 Rxd1+ 22.Qxd1 Qd8 23.Nd4 Kh7
24.Qe1 e6 25.Qb4 Qd7 26.Rd1 Rd8 27.Bb6 Rg8 28.Qd6 Qe8 29.Nc2 g5 30.Qd7 Qf8
31.Qxb7 gxf4 32.Rd8 Be8 33.exf4 Kh8 34.b4 h5 35.Bc5 Qf7 36.Qxf7 Bxf7  1-0

[Event "Rubinstein mem"]
[Site "Polanica Zdroj"]
[Date "1972.??.??"]
[Round "8"]
[White "Lutikov, Anatoly S"]
[Black "Vasiukov, Evgeni"]
[Result "1/2-1/2"]
[WhiteElo "2545"]
[BlackElo "2575"]

1.c4 c6 2.Nc3 d5 3.cxd5 cxd5 4.d4 Nf6 5.Nf3 Nc6 6.Bf4 Bf5 7.e3 e6 8.Bd3 Bxd3
9.Qxd3 Bd6 10.Bxd6 Qxd6 11.O-O O-O 12.Rfc1 Rfc8 13.Qb5 a6 14.Qe2 Ne7 15.Rc2 Rc7
16.Rac1 Rac8 17.Nd1 Rxc2 18.Rxc2 Rxc2 19.Qxc2 Qc6 20.Qxc6 bxc6  1/2-1/2

[Event "Rubinstein mem"]
[Site "Polanica Zdroj"]
[Date "1972.??.??"]
[Round "14"]
[White "Adamski, Jan"]
[Black "Cobo Arteaga, Eldis"]
[Result "1/2-1/2"]
[WhiteElo "2370"]
[BlackElo "2420"]

1.c4 c6 2.e4 d5 3.exd5 cxd5 4.d4 Nf6 5.Nc3 e6 6.Nf3 Be7 7.cxd5 Nxd5 8.Bc4 Nf6
9.O-O O-O 10.Re1 Nc6 11.a3 a6 12.Ba2 Bd7 13.Bg5 Nd5 14.Bd2 Nxc3 15.bxc3 Bf6
16.Rc1 Ne7 17.Ne5 Nd5 18.Bxd5 exd5  1/2-1/2

[Event "Skopje ol (Men) prel"]
[Site "Skopje"]
[Date "1972.??.??"]
[Round "2"]
[White "Geller, Uzi"]
[Black "Tumurbator, Purev"]
[Result "0-1"]
[WhiteElo "2330"]
[BlackElo "2270"]

1.c4 c6 2.Nf3 Nf6 3.g3 d5 4.Bg2 dxc4 5.O-O g6 6.a4 Bg7 7.Na3 Be6 8.Ng5 Bd5
9.e4 h6 10.exd5 hxg5 11.dxc6 Nxc6 12.Nxc4 Qd3 13.Ne3 Rd8 14.a5 Qa6 15.Qa4 O-O
16.Qc4 Nd4 17.Ra4 Ne2+ 18.Kh1 Rc8 19.Qxa6 bxa6 20.Rc4 Rxc4 21.Nxc4 Ng4 22.f3 Rc8
23.b3 Nf2+ 24.Rxf2 Nxc1 25.Bf1 Bd4 26.Rg2 Nxb3 27.h4 gxh4 28.gxh4 Rc5 29.Rg4 Bf6
30.Kg2 Kg7 31.Bd3 Kh6 32.f4 Rd5 33.Rg3 Nc5 34.Be2 Ne6 35.Rg4 Bg7 36.Ne5 Bxe5
37.fxe5 Rxd2 38.Kf1 Rd5 39.Re4 Rxa5 40.Bc4 Ra4 41.Kg2 Rb4  0-1

[Event "Skopje ol (Men) fin-A"]
[Site "Skopje"]
[Date "1972.??.??"]
[Round "10"]
[White "Gheorghiu, Florin"]
[Black "Pomar Salamanca, Arturo"]
[Result "1-0"]
[WhiteElo "2520"]
[BlackElo "2460"]

1.c4 c6 2.Nf3 d5 3.d4 Nf6 4.Nc3 e6 5.cxd5 cxd5 6.Bf4 Bd6 7.Bg3 Ne4 8.e3 Nc6
9.Nxe4 dxe4 10.Nd2 f5 11.Bb5 O-O 12.Bxc6 bxc6 13.Qa4 Bxg3 14.hxg3 Qb6 15.Nc4 Qb5
16.Qxb5 cxb5 17.Na5 Bd7 18.Rc1 Rac8 19.Kd2 b4 20.Nb7 Rc6 21.Nc5 Bc8 22.Rc4 Rd8
23.Rhc1 a5 24.Nxe6 Rxc4 25.Nxd8 Rxc1 26.Kxc1 Ba6 27.Nc6 Bf1 28.f4 exf3 29.gxf3 Bg2
30.Ne5 g5 31.Kd2 Bf1 32.f4 g4 33.Nc6 Kf7 34.Nxa5 Bg2 35.Nc4 Ke6 36.Ke2 Bd5
37.b3 Be4 38.a3 bxa3 39.Nxa3 Kd5 40.Nb5 Bf3+ 41.Kf2  1-0

[Event "Skopje ol (Men) fin-A"]
[Site "Skopje"]
[Date "1972.??.??"]
[Round "11"]
[White "Jansson, Borje"]
[Black "Donner, Jan Hein"]
[Result "1/2-1/2"]
[WhiteElo "2410"]
[BlackElo "2470"]

1.c4 c6 2.Nf3 d5 3.e3 Nf6 4.Nc3 g6 5.d4 Bg7 6.Be2 O-O 7.O-O dxc4 8.Bxc4 Nfd7
9.h3 e5 10.dxe5 Nxe5 11.Nxe5 Bxe5 12.Qxd8 Rxd8 13.e4 Nd7 14.Be3 Nb6 15.Bb3  1/2-1/2

[Event "Skopje ol (Men) fin-A"]
[Site "Skopje"]
[Date "1972.??.??"]
[Round "14"]
[White "Bobotsov, Milko G"]
[Black "Pomar Salamanca, Arturo"]
[Result "1-0"]
[WhiteElo "2455"]
[BlackElo "2460"]

1.c4 c6 2.Nf3 d5 3.d4 Nf6 4.Nc3 e6 5.cxd5 cxd5 6.Bf4 Bd6 7.Bg3 Nc6 8.e3 O-O
9.Bd3 b6 10.Rc1 Bb7 11.Bh4 Be7 12.O-O Rc8 13.Bb1 h6 14.Qe2 Nh7 15.Bg3 Nf6
16.Ne5 Nxe5 17.Bxe5 Bd6 18.Nb5 Bxe5 19.dxe5 Ne4 20.f3 Nc5 21.b4 Nd7 22.Nd6 Rc7
23.Qd3 f5 24.f4 Ba8 25.Qd2 Nf6 26.Rxc7 Qxc7 27.Rc1 Qd7 28.Bd3 Ne4 29.Bxe4 dxe4
30.b5 Bd5 31.h4 Ra8 32.a3 a6 33.bxa6 Rxa6 34.Rc8+ Kh7 35.Qc1 b5 36.Rc7 Qd8
37.h5 Qh4 38.Ne8 Rc6 39.Nf6+ Qxf6 40.exf6 Rxc1+ 41.Rxc1 gxf6 42.Rc5 Bc4 43.a4  1-0

[Event "CAN-ch"]
[Site "Toronto"]
[Date "1972.??.??"]
[Round "3"]
[White "Fuster, Geza"]
[Black "Macskasy, Elod"]
[Result "1/2-1/2"]
[WhiteElo "2280"]
[BlackElo "2280"]

1.c4 c6 2.Nf3 Nf6 3.b3 d5 4.Bb2 Bf5 5.e3 h6 6.Be2 e6 7.O-O Be7 8.d3 O-O 9.Nbd2 Nbd7
10.Nd4 Bh7 11.f4 Re8 12.Nc2 Nc5 13.Ne1 a5 14.Bxf6 Bxf6 15.d4 Ne4 16.Nxe4 Bxe4
17.c5 b6 18.cxb6 Qxb6 19.Rc1 Be7 20.Nd3 Bxd3 21.Qxd3 c5 22.dxc5 Bxc5 23.Rf3 Rac8
24.Rcf1 Bb4 25.f5 Rc3 26.fxe6 Qxe6 27.Qf5 Rxe3 28.Qxe6 R8xe6 29.Rxe3 Rxe3
30.Bf3 Bc5 31.Kh1 Re5 32.g3 d4 33.Bc6 Kf8 34.Bb5 Ke7 35.Bc4 f5 36.Kg2 g6
37.h3 Bb4 38.g4 Bd2 39.gxf5 gxf5 40.Kf3 Re3+ 41.Kg2 Kf6 42.Rf2 Bb4 43.Rf3 Rc3
44.Bd3 Rc5 45.Rf4 Rd5 46.Bc4 Rd7 47.Bd3 Rd5 48.Bc4 Bd6 49.Rh4 Kg5 50.Rxh6 Kxh6
51.Bxd5 d3 52.Kf2 d2 53.Ke2 Bb4 54.Bf3 Kg5 55.a3 Bc3 56.Kd3 Bb2 57.Kxd2 Bxa3  1/2-1/2

[Event "Hoogovens"]
[Site "Wijk aan Zee"]
[Date "1972.??.??"]
[Round "11"]
[White "Portisch, Lajos"]
[Black "Donner, Jan Hein"]
[Result "1/2-1/2"]
[WhiteElo "2630"]
[BlackElo "2500"]

1.c4 c6 2.e4 e5 3.Nf3 d6 4.d4 Nd7 5.Nc3 g6 6.Be2 Bg7 7.O-O Ngf6 8.Re1 O-O
9.Rb1 Re8 10.Bf1 a5 11.b3 Qc7 12.d5 Nc5 13.Nd2 Bd7 14.a3 Reb8 15.b4 axb4
16.axb4 Na6 17.Na2 Rd8 18.Nb3 c5 19.b5 Nb8 20.Nc3 Be8 21.Bd2 Nbd7 22.Ra1 Rxa1
23.Qxa1 Nb6 24.Na4 Nbd7 25.Nb2 Rb8 26.Bd3  1/2-1/2

[Event "HUN-ch"]
[Site "?"]
[Date "1973.??.??"]
[Round "?"]
[White "Csom, Istvan"]
[Black "Bilek, Istvan"]
[Result "1/2-1/2"]
[WhiteElo "2540"]
[BlackElo "2500"]

1.c4 c6 2.Nf3 d5 3.b3 Bg4 4.Bb2 e6 5.e3 Nf6 6.Be2 Be7 7.O-O O-O 8.Nc3 Nbd7
9.d4 Bd6 10.h3 Bh5 11.Qc2 Bb4 12.Bd3 Bg6 13.Rfd1 Qe7 14.a3 Ba5 15.b4 Bc7
16.e4 dxe4 17.Nxe4 Nxe4 18.Bxe4 f5 19.Bd3 Bh5 20.Be2 Rad8 21.Re1 Rfe8 22.Rad1 Nf6
23.Ne5 Bxe2 24.Qxe2 Ne4 25.Kh2 Bxe5+ 26.dxe5 Rxd1 27.Rxd1 Rd8  1/2-1/2

[Event "DSV-Turnier"]
[Site "Leipzig"]
[Date "1973.??.??"]
[Round "5"]
[White "Zinn, Lothar"]
[Black "Malich, Burkhard"]
[Result "1/2-1/2"]
[WhiteElo "2435"]
[BlackElo "2495"]

1.c4 c6 2.Nf3 Nf6 3.Nc3 d5 4.d4 e6 5.cxd5 exd5 6.Bg5 Be7 7.e3 Bf5 8.Bd3 Bxd3
9.Qxd3 Nbd7 10.O-O O-O 11.a3 a5 12.b3  1/2-1/2

[Event "Pinamar tt"]
[Site "Pinamar"]
[Date "1973.??.??"]
[Round "7"]
[White "Sumiacher, Carlos"]
[Black "Schweber, Samuel"]
[Result "1/2-1/2"]
[WhiteElo "2315"]
[BlackElo "2445"]

1.c4 c6 2.Nc3 d5 3.d4 Nf6 4.Nf3 g6 5.cxd5 cxd5 6.Qb3 e6 7.Bg5 Be7 8.e3 O-O
9.Bd3 Nc6 10.O-O Kg7 11.Rfd1 b6 12.Rac1 Bb7 13.a3 h6 14.Bh4 Ng8 15.Bg3 Bd6
16.Bxd6 Qxd6 17.Nb5 Qb8 18.Rc2 Nge7 19.Rdc1 Rc8 20.h3 a6 21.Nc3 b5 22.Qa2 Na5
23.Ne5 Nec6 24.Nxc6 Rxc6 25.Ne2 Qd6 26.Rxc6 Bxc6 27.b3 Rc8 28.Qb2 Bd7 29.Rc5 Qb8
30.Nf4 Nb7 31.Rxc8 Qxc8 32.Be2 Qc6 33.Nd3 f6 34.h4 Be8 35.Qc1  1/2-1/2

[Event "Lublin"]
[Site "Lublin"]
[Date "1974.??.??"]
[Round "13"]
[White "Suba, Mihai"]
[Black "Sydor, Andrzej"]
[Result "1-0"]
[WhiteElo "2460"]
[BlackElo "2395"]

1.c4 c6 2.e4 d5 3.exd5 cxd5 4.d4 Nf6 5.Nc3 e6 6.Nf3 Be7 7.cxd5 exd5 8.Bd3 O-O
9.h3 b6 10.O-O Bb7 11.Re1 Nc6 12.Bg5 h6 13.Bh4 Nh5 14.Bxe7 Nxe7 15.Qd2 Nc6
16.Re3 Nf6 17.Rae1 Re8 18.Rxe8+ Nxe8 19.Qf4 Nf6 20.Ne5 Qd6 21.a3 Re8 22.Bb5 Re7
23.Bxc6 Bxc6 24.Re3 Ne8 25.Qf5 g6 26.Qf3 Nc7 27.Nxc6 Rxe3 28.Qxe3 Qxc6 29.Qxh6 Nb5
30.Nxb5 Qxb5 31.Qd2 Kg7 32.f3 a5 33.Kf2 Kf6 34.Ke1 Kg7 35.Qc2  1-0

[Event "FRG-ch"]
[Site "Menden"]
[Date "1974.??.??"]
[Round "?"]
[White "Nehmert, Ulrich"]
[Black "Giesen, Dieter"]
[Result "1-0"]
[WhiteElo "2200"]
[BlackElo "2200"]

1.c4 c6 2.Nf3 d5 3.b3 Nf6 4.g3 Bf5 5.Bg2 h6 6.O-O e6 7.Bb2 Be7 8.d3 O-O 9.Nbd2 Qb6
10.Rc1 a5 11.a3 Rd8 12.Qc2 Nbd7 13.cxd5 cxd5 14.Bd4 Qa6 15.Qb2 Rac8 16.Ne5 Bf8
17.Rfd1 Qd6 18.a4 Qa6 19.h3 Nb8 20.Ndf3 Nfd7 21.Nxd7 Nxd7 22.Rc2 Rxc2 23.Qxc2 Qc6
24.Qxc6 bxc6 25.Bc3 Ra8 26.Nd4 Ra6 27.Nxf5 exf5 28.e4 Nb6 29.exf5 Nd7 30.d4 Rb6
31.Rb1 Bb4 32.Rc1 Nb8 33.Bxb4 Rxb4 34.Rc5 Rxd4 35.Rxa5 Rb4 36.Ra8 Kf8 37.a5 Ke7
38.a6 Nd7 39.a7 Kf6 40.Rc8 Nb6 41.Rxc6+  1-0

[Event "FRG-ch"]
[Site "Menden"]
[Date "1974.??.??"]
[Round "?"]
[White "Eising, Johannes"]
[Black "Reefschlaeger, Helmut"]
[Result "1/2-1/2"]
[WhiteElo "2200"]
[BlackElo "2200"]

1.c4 c6 2.e4 g6 3.d4 Bg7 4.Nc3 d6 5.Be3 Nd7 6.Be2 Ngf6 7.f4 e5 8.Qd2 exd4
9.Bxd4 O-O 10.Nh3 Qa5 11.Nf2 Nc5 12.Rd1 Re8 13.Bxc5 dxc5 14.e5 Nd7 15.Nce4 Qxd2+
16.Rxd2 f6 17.Bg4 f5 18.Nd6 Re7 19.Bf3 Nf8 20.h4 h5 21.g3 Ne6 22.O-O Rd7
23.Rfd1 Nd4 24.Bg2 a5 25.Nd3 b6 26.Ne1 Rb8 27.Nf3 Rxd6 28.exd6 Bd7 29.Nxd4 cxd4
30.Rxd4 Bxd4+ 31.Rxd4 Kf7 32.Kf2 Re8 33.Rd2 Re6 34.b3 Ke8 35.a3 Kd8 36.b4 axb4
37.axb4 c5 38.bxc5 bxc5 39.Rd5 Bc6 40.Rxc5 Bxg2  1/2-1/2

[Event "Nice olm prel"]
[Site "Nice"]
[Date "1974.??.??"]
[Round "8"]
[White "Gheorghiu, Florin"]
[Black "Fairhurst, William Albert"]
[Result "1/2-1/2"]
[WhiteElo "2540"]
[BlackElo "2200"]

1.c4 c6 2.d4 d5 3.Nf3 Nf6 4.e3 g6 5.Nc3 Bg7 6.Be2 O-O 7.O-O dxc4 8.Bxc4 Nbd7
9.Qe2 b5 10.Bd3 b4 11.Ne4 Nxe4 12.Bxe4 Qb6 13.Bd2 Ba6 14.Bd3 Bxd3 15.Qxd3 c5
16.Rac1 a5 17.a3 Rab8 18.Qe4 e6 19.Rc4 cxd4 20.axb4 dxe3 21.Bxe3 Qb5 22.bxa5 Qxa5
23.b4 Qa4 24.Rfc1 Nf6  1/2-1/2

[Event "Sombor"]
[Site "Sombor"]
[Date "1974.??.??"]
[Round "10"]
[White "Raicevic, Vladimir"]
[Black "Rukavina, Josip"]
[Result "1-0"]
[WhiteElo "2490"]
[BlackElo "2450"]

1.c4 c6 2.Nc3 d5 3.d4 Nf6 4.Nf3 dxc4 5.e3 b5 6.a4 Nd5 7.Ne5 Nxc3 8.bxc3 Qd5
9.axb5 cxb5 10.Be2 Bf5 11.Ra5 a6 12.Bxc4 Qxg2 13.Bxf7+ Kd8 14.Ke2 Nd7 15.Rg1 Qb7
16.Ba3 Kc7 17.Nxd7 Bxd7 18.Qb3 Qb6 19.Bb4 e6 20.Rg5 g6 21.Re5 Bd6 22.Bxd6+ Qxd6
23.Bxe6 Rhe8 24.Rc5+ Kb6 25.Bxd7 Qxd7 26.Qb4 Rf8 27.h3 Rae8 28.c4  1-0

[Event "Stary Smokovec"]
[Site "Stary Smokovec"]
[Date "1974.??.??"]
[Round "3"]
[White "Banas, Jan"]
[Black "Novak, Ivan"]
[Result "1/2-1/2"]
[WhiteElo "2325"]
[BlackElo "2355"]

1.c4 c6 2.d4 g6 3.Nc3 d5 4.cxd5 cxd5 5.g3 Bg7 6.Bg2 Nf6 7.Nf3 O-O 8.Ne5 b6
9.O-O Bb7 10.Bf4 e6 11.Qd2 Nc6 12.Nxc6 Bxc6 13.Bh6 Qe7 14.Bxg7 Kxg7 15.Rfc1 Rfc8
16.Rc2 Rc7 17.Rac1 Rac8 18.e3 Ne8 19.Nd1 Bb5 20.Rxc7 Rxc7 21.Rxc7 Qxc7 22.Qc3 Qxc3
23.Nxc3 Bd3 24.Bf1 Bxf1 25.Kxf1 Nd6 26.Ke2 Kf6 27.Kd3 Ke7 28.f3 Kd7 29.e4 dxe4+
30.fxe4 f5 31.b3 Kc6 32.a3 a6 33.d5+ exd5 34.exd5+ Kc7 35.Kd4 Nf7 36.h4 h6
37.Nd1 g5 38.Ne3 f4 39.gxf4 gxh4 40.Ke4 Nd6+ 41.Ke5 h3 42.Ng4 Kd7 43.f5 Nf7+
44.Kf6 Ng5 45.Kg6 Ne4 46.Kxh6 Kd6 47.Kg7 Kxd5 48.Kf8 Kd4 49.Ke7 Kc3 50.Ke6 Kxb3
51.Ke5 Ng5 52.f6 b5 53.Kf5 Nf7 54.Ke6 Nh8 55.Ke7 Ng6+ 56.Ke8 Ne5 57.Nxe5 h2
58.f7 h1=Q 59.f8=Q Qa8+ 60.Ke7 Qxf8+ 61.Kxf8 a5 62.Ke7 a4 63.Kd6 b4 64.axb4 a3
65.Nd3 Kc4 66.Nc1 Kxb4 67.Kc6 Kc3 68.Kb5 a2 69.Nxa2+  1/2-1/2

[Event "Stary Smokovec"]
[Site "Stary Smokovec"]
[Date "1974.??.??"]
[Round "3"]
[White "Knezevic, Milorad"]
[Black "Plachetka, Jan"]
[Result "1/2-1/2"]
[WhiteElo "2420"]
[BlackElo "2405"]

1.c4 c6 2.d4 d5 3.cxd5 cxd5 4.Nc3 Nc6 5.Nf3 Nf6 6.Bf4 Bf5 7.e3 e6 8.Bd3 Bxd3
9.Qxd3 Bd6 10.Bxd6 Qxd6 11.O-O O-O 12.Rfc1 Rac8 13.h3 h6 14.Kh1 a6 15.Nd2 Ne7
16.Ne2 Qb6 17.Qb3 Qxb3  1/2-1/2

[Event "Trencianske Teplice"]
[Site "Trencianske Teplice"]
[Date "1974.??.??"]
[Round "13"]
[White "Navarovszky, Laszlo"]
[Black "Cibulka, Vladimir"]
[Result "0-1"]
[WhiteElo "2415"]
[BlackElo "2335"]

1.c4 c6 2.Nf3 d5 3.b3 Nf6 4.g3 Bf5 5.Bg2 h6 6.O-O e6 7.Bb2 Be7 8.d3 O-O 9.Nbd2 a5
10.a3 Na6 11.Rc1 Nc5 12.Bxf6 gxf6 13.b4 axb4 14.axb4 Nd7 15.b5 Bg6 16.bxc6 bxc6
17.Nd4 Qb6 18.Nxc6 Qxc6 19.cxd5 Qa6 20.dxe6 fxe6 21.Bxa8 Rxa8 22.Qc2 Ne5
23.Qc3 Qd6 24.d4 Nf7 25.Nc4 Qc6 26.Qd2 Qb5 27.Qe3 Ra6 28.h4 Kg7 29.Nd2 Qd5
30.Ra1 Rd6 31.Nf3 Bd8 32.Rfd1 Bb6 33.Ra6 Qc4 34.Ra8 Qd5 35.Qa3 Be4 36.Rc1 Qxa8  0-1

[Event "Vejle op"]
[Site "Vejle"]
[Date "1974.??.??"]
[Round "4"]
[White "Holst, Per"]
[Black "Grabow, Sten"]
[Result "1/2-1/2"]
[WhiteElo "2230"]
[BlackElo "2200"]

1.c4 c6 2.Nf3 Nf6 3.b3 g6 4.Bb2 Bg7 5.g3 O-O 6.Bg2 d5 7.O-O Bf5 8.d4 Ne4
9.Nfd2 Nd7 10.f3 Nxd2 11.Qxd2 dxc4 12.bxc4 Nb6 13.Na3 Na4 14.Rad1 Nxb2 15.Qxb2 Qb6
16.Qd2 Rad8 17.e3 e5 18.d5 Qc5 19.Nb1 Qxc4 20.e4 Be6 21.f4 exf4 22.gxf4 Bg4
23.Rc1 Qd4+ 24.Qxd4 Bxd4+ 25.Kh1 cxd5 26.exd5 Rfe8 27.Rc7 Re2 28.Rxb7 Rxa2
29.h3 Bf5 30.Rd1 Bf6 31.Nd2 Bxh3 32.Bxh3 Rxd5 33.Bg2 Rdxd2 34.Rxd2 Rxd2 35.Rxa7 Rd1+
36.Kh2 h5 37.Bc6 Kf8 38.Bb5 Be7 39.Kg2 Rd4 40.Kf3 Bd6 41.Ra4 Rd5 42.Bc4 Rc5
43.Bd3 Kg7 44.Rd4 Bc7 45.Rc4 Rd5 46.Bxg6 fxg6 47.Rxc7+ Kh6 48.Rc6 Kg7 49.Kg3 Rd3+
50.Kg2 Kf7  1/2-1/2

[Event "Hoogovens"]
[Site "Wijk aan Zee"]
[Date "1974.??.??"]
[Round "12"]
[White "Ghitescu, Theodor"]
[Black "Pomar Salamanca, Arturo"]
[Result "1/2-1/2"]
[WhiteElo "2440"]
[BlackElo "2425"]

1.c4 c6 2.e4 d5 3.exd5 cxd5 4.d4 Nf6 5.Nc3 e6 6.Nf3 Be7 7.a3 O-O 8.Bf4 b6
9.cxd5 Nxd5 10.Nxd5 Qxd5 11.Qc2 Ba6  1/2-1/2

[Event "POL-chT Augustow"]
[Site "Augustow"]
[Date "1975.??.??"]
[Round "11"]
[White "Szmacinska, Grazyna"]
[Black "Litmanowicz, Miroslawa"]
[Result "1-0"]
[WhiteElo "2000"]
[BlackElo "2115"]

1.c4 c6 2.Nf3 d5 3.b3 Bg4 4.d3 e6 5.Bb2 f6 6.Nbd2 Bd6 7.e4 Nd7 8.Be2 Ne7
9.O-O O-O 10.Nd4 Bxe2 11.Qxe2 Qb8 12.Nxe6 Bxh2+ 13.Kh1 Rf7 14.f4 Qd6 15.exd5 cxd5
16.Kxh2 Nc6 17.c5  1-0

[Event "CSR-ch"]
[Site "Brno"]
[Date "1975.??.??"]
[Round "11"]
[White "Uhlmann, Wolfgang"]
[Black "Rukavina, Josip"]
[Result "1-0"]
[WhiteElo "2535"]
[BlackElo "2455"]

1.c4 c6 2.Nf3 d5 3.e3 Nf6 4.b3 Bg4 5.Bb2 Nbd7 6.Be2 e6 7.h3 Bxf3 8.Bxf3 Bd6
9.O-O O-O 10.Nc3 Qe7 11.a3 Nb6 12.d3 e5 13.cxd5 cxd5 14.Nb5 Rfc8 15.Qd2 Nbd7
16.Rfc1 Rc6 17.Bd1 h6 18.b4 a6 19.Nc3 Rac8 20.Bb3 Nb6 21.b5 R6c7 22.Qd1 d4
23.exd4 exd4 24.Ne2 Rxc1 25.Rxc1 Rxc1 26.Bxc1 Bxa3 27.bxa6 bxa6 28.Nxd4 Bxc1
29.Qxc1 Qe5 30.Nc6 Qd6 31.d4 a5 32.Ne5 Qxd4 33.Bxf7+ Kh8 34.Qc7 g5 35.Be6 Nbd7
36.Nxd7 Nxd7  1-0

[Event "CSR-ch"]
[Site "Brno"]
[Date "1975.??.??"]
[Round "15"]
[White "Pribyl, Josef"]
[Black "Neckar, Lubomir"]
[Result "1-0"]
[WhiteElo "2455"]
[BlackElo "2200"]

1.c4 c6 2.e4 d5 3.exd5 cxd5 4.cxd5 Nf6 5.Bb5+ Nbd7 6.Nc3 a6 7.Be2 Nb6 8.d4 Nbxd5
9.Nf3 e6 10.O-O Be7 11.Ne5 O-O 12.Bd3 Qd6 13.Nc4 Qc7 14.a4 b6 15.Bg5 Bb7
16.Nxd5 Bxd5 17.Rc1 Qb7 18.Ne3 Rfd8 19.Nxd5 Qxd5 20.Be3 b5 21.Ra1 b4 22.a5 Rdc8
23.b3 Rc3 24.Bc4 Qf5 25.Qe2 Qe4 26.Bxa6 Nd5 27.Bb7 Ra7 28.Qb5 Qd3 29.Qxd3 Rxd3
30.Bxd5 exd5 31.Rfc1 Rxb3 32.Rc8+ Bf8 33.Bf4 Rd7 34.a6 f6 35.a7 Rxa7 36.Rxa7 g5
37.Be3 Rd3 38.Kf1 b3 39.Raa8 b2 40.Rxf8+ Kg7 41.Rfb8 Rd1+ 42.Ke2 b1=Q 43.Rxb1 Rxb1
44.h3 Kg6 45.Ra5  1-0

[Event "URS-ch otbor"]
[Site "Cheliabinsk"]
[Date "1975.??.??"]
[Round "?"]
[White "Osnos, Viatcheslav"]
[Black "Sveshnikov, Evgeny"]
[Result "1-0"]
[WhiteElo "2490"]
[BlackElo "2480"]

1.c4 c6 2.d4 d5 3.Nf3 Nf6 4.cxd5 cxd5 5.Nc3 Nc6 6.Bf4 Bf5 7.e3 Qb6 8.Bb5 e6
9.O-O Bg4 10.Rc1 Be7 11.Qb3 Bxf3 12.Na4 Qd8 13.gxf3 Rc8 14.Nc5 Bxc5 15.Rxc5 Nh5
16.Bg3 O-O 17.Rfc1 Nxg3 18.hxg3 Ne7 19.Bd3 Qd7 20.Qa3 Rxc5 21.Rxc5 a6 22.b4 Rc8
23.b5 Rxc5 24.dxc5 axb5 25.Bxb5 Qc8 26.Qa7 Ng6 27.a4 h5 28.a5 h4 29.Qb6 e5
30.c6 bxc6 31.Qxc6 Qf5 32.Qxd5 Qb1+ 33.Bf1 hxg3 34.fxg3 Qe1 35.Kg2 Qxe3 36.Bc4 Kh7
37.Qd3 Qa7 38.a6 Kh6 39.Qd2+ Kh7 40.Qf2 Qa8 41.Bd3 f5 42.Qc5 Kh6 43.Qe3+ Kh5
44.Bxf5  1-0

[Event "URS-ch otbor"]
[Site "Cheliabinsk"]
[Date "1975.??.??"]
[Round "?"]
[White "Grokhotov, Vladimir T"]
[Black "Bagirov, Vladimir"]
[Result "0-1"]
[WhiteElo "2380"]
[BlackElo "2490"]

1.c4 c6 2.e4 d5 3.exd5 cxd5 4.d4 Nf6 5.Nc3 Nc6 6.Bg5 dxc4 7.d5 Ne5 8.Qd4 Nd3+
9.Bxd3 cxd3 10.Nf3 Bf5 11.O-O Qb6 12.Rfe1 Qxd4 13.Nxd4 Bg6 14.Ndb5 Kd7 15.Rad1 a6
16.Nd4 Rd8 17.Nb3 Kc8 18.Rc1 Kb8 19.Bf4+ Ka8 20.Bc7 Rc8 21.d6 exd6 22.Na4 Nd5
23.Nb6+ Nxb6 24.Bxb6 Rxc1 25.Nxc1 Be7 26.Nxd3 Bd8 27.Bxd8 Rxd8 28.Nf4 Rc8
29.h4 Rc4 30.g3 Be4 31.b3 Rd4 32.Nh5 d5 33.Nxg7 Rd2 34.Ne8 Rxa2 35.g4 Rb2
36.Re3 Bc2 37.Nc7+ Ka7 38.Nxd5 Bxb3 39.Nf6 a5 40.Re5 a4 41.Ra5+ Kb6 42.Ra8 Bc2
43.f4 Kc5 44.f5 b5 45.Nxh7 b4 46.Nf6 Rb1+ 47.Kg2 b3  0-1

[Event "HUN-ch"]
[Site "?"]
[Date "1975.??.??"]
[Round "?"]
[White "Lengyel, Levente"]
[Black "Perecz, Laszlo"]
[Result "1/2-1/2"]
[WhiteElo "2410"]
[BlackElo "2200"]

1.c4 c6 2.e4 d5 3.exd5 cxd5 4.d4 Nf6 5.Nc3 Nc6 6.Nf3 Bg4 7.cxd5 Nxd5 8.Qb3 Bxf3
9.gxf3 e6 10.Qxb7 Nxd4 11.Bb5+ Nxb5 12.Qc6+ Ke7 13.Qxb5 Qd7 14.Nxd5+ Qxd5
15.Qxd5 exd5 16.O-O Ke6 17.Re1+ Kf5 18.Rd1 Ke6 19.Rd3 Bc5 20.Bf4 Rhd8 21.Rc1 Bb6
22.Bc7 Rd7 23.Rc6+ Kf5 24.Bxb6 axb6 25.a3 Rb8 26.Kf1 d4 27.Rc4 Ke5 28.Ke2 Re8
29.Rcxd4 Rxd4 30.Re3+ Kd5 31.Rxe8 Kc4 32.Rc8+ Kb3 33.Rc6 Kxb2 34.Rxb6+ Kxa3
35.Kf1 Rb4 36.Rc6 Ka4 37.Kg2 Ka5 38.Kg3 Rb6 39.Rc5+ Rb5 40.Rc7 Rf5 41.Kg4 Rf6  1/2-1/2